A comparison of hypnosis, frontalis EMG biofeedback, and the two combined for training relaxation /
| Main Author: | |
|---|---|
| Other Authors: | , , |
| Format: | Thesis Book |
| Language: | English |
| Published: |
1981.
|
| Subjects: | |
| Online Access: | Link to ProQuest copy Link to OAKTrust copy ProQuest, Abstract |
MARC
| Tag | First Indicator | Second Indicator | Subfields |
|---|---|---|---|
| LEADER | 00000ctm a2200000Ia 4500 | ||
| 001 | in00000092198 | ||
| 005 | 20220103135101.0 | ||
| 008 | 821023s1981 xx bm 000 0 eng d | ||
| 035 | |9 AAK7278AM | ||
| 035 | |a (OCoLC)08886555 | ||
| 035 | |a (OCoLC)8886555 | ||
| 035 | |a (OCoLC)ocm08886555 | ||
| 040 | |a TXA |b eng |c TXA |d OCLCQ |d OCLCF |d OCLCO |d OCLCQ |d UMI |d TXA | ||
| 049 | |a TXAM | ||
| 099 | |a 1981 |a Dissertation |a C635 | ||
| 100 | 1 | |a Cleveland, Charles Tracy, |d 1950- | |
| 245 | 1 | 2 | |a A comparison of hypnosis, frontalis EMG biofeedback, and the two combined for training relaxation / |
| 264 | 1 | |c 1981. | |
| 300 | |a viii, 81 leaves ; |c 29 cm | ||
| 336 | |a text |b txt |2 rdacontent | ||
| 337 | |a unmediated |b n |2 rdamedia | ||
| 338 | |a volume |b nc |2 rdacarrier | ||
| 500 | |a "Major subject: Educational Psychology." | ||
| 500 | |a Typescript (photocopy). | ||
| 500 | |a Vita. | ||
| 502 | |b Ph. D. |c Texas A & M University |d 1981 | ||
| 504 | |a Includes bibliographical references (leaves 44-49). | ||
| 520 | 3 | |a The purpose of the study was to compare the effectiveness of frontalis (forehead) electromyographic (EMG) biofeedback, hypnosis, and the two combined for training relaxation. Seventy-two students were randomly assigned to one of six groups: 1) hypnosis; 2) biofeedback; 3) control; 4) hypnosis combined with biofeedback; 5) hypnosis plus control; and (6) biofeedback plus control. Baseline data, or pre-measures, were recorded for four one-minute intervals. Following baseline all subjects received one 50 minute training session. Post-measures of four one-minute intervals were recorded during the last four minutes of the session. Results showed that hypnosis combined with biofeedback produced the greatest relaxation as measured by a reduction in frontalis muscle tension. Biofeedback also resulted in a significant reduction in frontalis muscle tension. Hypnosis did not produce a significant reduction in frontalis muscle tension. The results are discussed in terms of the efficiency of combining hypnosis with biofeedback. | |
| 650 | 0 | |a Biofeedback training. | |
| 650 | 0 | |a Hypnotism. | |
| 650 | 0 | |a Relaxation. | |
| 650 | 4 | |a Major educational psychology. | |
| 655 | 7 | |a Academic theses |2 lcgft | |
| 700 | 1 | |a Ash, Michael J., |e degree committee member. | |
| 700 | 1 | |a Bourgeois, A. E., |e degree committee member. | |
| 700 | 1 | |a Hope, Lannes, |e degree committee member. | |
| 700 | 1 | |a Roach, Arthur J., |e degree supervisor. | |
| 710 | 2 | |a Texas A & M University, |e degree granting institution. | |
| 856 | 4 | 1 | |u http://proxy.library.tamu.edu/login?url=http://proquest.umi.com/pqdweb?did=748875121&sid=1&Fmt=2&clientId=2945&RQT=309&VName=PQD |z Link to ProQuest copy |t 0 |
| 856 | 4 | 1 | |u https://hdl.handle.net/1969.1/DISSERTATIONS-100730 |z Link to OAKTrust copy |t 0 |
| 856 | 4 | 2 | |3 ProQuest, Abstract |u http://gateway.proquest.com/openurl?url_ver=Z39.88-2004&rft_val_fmt=info:ofi/fmt:kev:mtx:dissertation&res_dat=xri:pqm&rft_dat=xri:pqdiss:8128884 |t 0 |
| 994 | |a C0 |b TXA | ||
| 999 | f | f | |s 688543d8-6736-38b6-9607-bd0cc9996924 |i 48b75b57-284c-36a6-beea-4080ffb28930 |t 0 |
| 952 | f | f | |p noncirc |a Texas A&M University |b J.J. Pickle Campus |c High Density Repository |s HDR |d Remote Storage |t 0 |e 1981 Dissertation C635 |h Other scheme |i unmediated -- volume |m A14841005008 |
| 952 | f | f | |a Texas A&M University |b College Station |c Electronic Resources |s www_evans |d Available Online |t 0 |e 1981 Dissertation C635 |h Other scheme |
| 998 | f | f | |a 1981 Dissertation C635 |t 0 |l Available Online |
| 998 | f | f | |a 1981 Dissertation C635 |t 0 |l Remote Storage |